000 00369 a2200169 4500
001 70023
020 _a8570562837
040 _cAnchieta - Itaigara
100 _aJosé, Ganymédes
240 1 0 _aO solar assombrado
_lpor
245 1 0 _aO solar assombrado
300 _a76
362 0 _a1990
440 1 _aAtual
650 4 _aLiteratura infanto-juvenil
942 _cBK
999 _c70023
_d70023